Malamore : dai greci al femminicidio : contro il machismo il bellamore è davvero possibile /

Gespeichert in:
Bibliographische Detailangaben
1. Verfasser: Demma, Domenico
Format: Buch
Sprache:Italienisch
Veröffentlicht: [s.l. : s.n., 2018]
Tags: Tag hinzufügen
Keine Tags, Fügen Sie das erste Tag hinzu!

MARC

LEADER 00000nam a22000007i 4500
001 IT\ICCU\UBO\4886669
003 ItRI
005 20260115232244.0
008 250620s2018 it |||||| ||||| |||||c
040 |b ita  |c importazione bologna sebina 
041 7 |a ita  |2 ISO-639-2 
100 1 |a Demma, Domenico  |0 IT\ICCU\UBOV\158273 
240 1 0 |a Malamore : dai greci al femminicidio  |3 IT\ICCU\UBO\4886671  |9 Demma, Domenico 
245 1 0 |a Malamore :  |b dai greci al femminicidio : contro il machismo il bellamore è davvero possibile /  |c Domenico Demma. 
260 |a [s.l. :  |b s.n.,  |c 2018] 
300 |a 412 p. ;  |c 23 cm 
500 |a In copertina : contro il maschilismo 
500 |a Copertina di Gandolfo Campisi su quadro di Roberto Vitturi Baglio a Scopello 2018 
942 |2 ddc  |c BK  |n 0 
952 |0 0  |1 0  |4 0  |6 DOC_152_410000000000000_DEM  |7 0  |9 23034  |a BO  |b BO  |d 2026-01-15  |i 19157  |l 0  |o DOC 152.41 DEM  |p BO19157  |r 2026-01-15 23:22:44  |w 2026-01-15  |x [Sebina 5] [1 v.]  |y BK  |z 1 v. 
999 |c 19647  |d 19647